000 00303nam a2200133Ia 4500
005 20251222155131.0
008 251222s9999||||xx |||||||||||||| ||spa||
082 _aSIC. 28
100 _aUNIFE.
245 0 _aLa NiƱez : Construyendo Identidad
250 _a1ra. ed.
264 _bUnife
942 _cLIB
999 _c38808
_d38808